| 000 | 00994nam a22003137a 4500 | ||
|---|---|---|---|
| 003 | CHAP | ||
| 005 | 20220329140839.0 | ||
| 008 | 971013s1977 r 00010 d | ||
| 010 | _a58531 | ||
| 011 | _a59503 | ||
| 035 | _a63661 | ||
| 040 | _cCHAP | ||
| 082 |
_a574.192 _bS88 1977 |
||
| 100 | 0 | 0 |
_aSuttie, John W. _9110802 |
| 245 | _aIntroduction to biochemistry | ||
| 250 | _a2 ed. | ||
| 260 |
_aNew York : _bHolt Rinehart and Winston, _c1977 |
||
| 300 |
_a434 p. _b: ilus. ; gráfs. |
||
| 590 |
_aBATCH-UPD _b10 _c20130110 _lUCH01 _h0317 |
||
| 590 |
_aBATCH-UPD _b10 _c20130110 _lUCH01 _h2045 |
||
| 590 |
_aBATCH-UPD _b10 _c20130409 _lUCH01 _h2350 |
||
| 590 |
_aBATCH-UPD _b10 _c20130914 _lUCH01 _h0644 |
||
| 590 |
_aCONVERSION _b10 _c20130109 _lUCH01 _h1331 |
||
| 650 | 1 | 4 |
_aBioquímica. _912849 |
| 901 | _aBK | ||
| 942 | _cLIBRO | ||
| 949 |
_a574.192 S88 1977 _bBC _cLIBRO _d-137081 _eLIBRO _fc.2 _h55320 _i63661 _si |
||
| 949 |
_a574.192 S88 1977 _bBC _cLIBRO _d33724000472577 _eLIBRO _h55319 _i63661 _si |
||
| 999 |
_c58531 _d58531 |
||